Missing Word: 1970s 'B' Song Endings Quiz Stats

 Plays Quiz Updated May 4, 2016

Score 0/20 Timer 04:00
2 Plays Today
Song Missing Word % Correct
Message in a _____Bottle
96.7%
We've Only Just _____Begun
95.8%
Thank God I'm A Country _____Boy
95.6%
Nobody Does It _____Better
95.3%
Can't Get Enough Of
Your Love, _____
Babe
90.8%
I Want You _____Back
89.1%
Beast Of _____Burden
87.6%
Montego _____Bay
86.5%
You Are So _____Beautiful
85.7%
He Ain't Heavy, He's My _____Brother
85.4%
Song Missing Word % Correct
Morning Has _____Broken
77.4%
Bell Bottom _____Blues
70.6%
Ballroom _____Blitz
64.9%
Rock The _____Boat
60.7%
Hot _____Blooded
56.1%
Summer _____Breeze
55.5%
I Just Can't Help _____Believing
42.6%
Which Way You Goin' _____?Billy
22.9%
Back Off _____Boogaloo
20.3%
Little Green _____Bag
16.2%

Today's Daily Dose

Missing Word
Directed by Peter

Word Ladder
Blink-182

Quick Pick
Eagles Songs

Get the Picture
NFC West Profiles

You're not logged in!

Compare scores with friends on all Sporcle quizzes.
OR
Log In

Show Comments

Extras

Top Quizzes Today


Score Distribution

Your Account Isn't Verified!

In order to create a playlist on Sporcle, you need to verify the email address you used during registration. Go to your Sporcle Settings to finish the process.

Report this User

Report this user for behavior that violates our Community Guidelines.

Details: